| Tag |
First Indicator |
Second Indicator |
Subfields |
| LEADER |
00000cam a2200000 a 4500 |
| 001 |
in00001237250 |
| 005 |
20151003062351.0 |
| 008 |
950111s1994 mdua b 101 0 eng d |
| 020 |
|
|
|a 0780320506 (softbound)
|
| 020 |
|
|
|a 0780320514 (casebound)
|
| 020 |
|
|
|a 0780320522 (microfiche)
|
| 020 |
|
|
|a 078032059X (CD-ROM)
|
| 035 |
|
|
|a (OCoLC)31802922
|
| 035 |
|
|
|9 AGS7550AM
|
| 040 |
|
|
|a TES
|c TES
|d TXA
|d UtOrBLW
|
| 049 |
|
|
|a TXAM
|
| 050 |
0 |
0 |
|a R856.A2
|b I344 1994
|
| 082 |
0 |
0 |
|a 610/.28
|2 20
|
| 110 |
2 |
|
|a IEEE Engineering in Medicine and Biology Society.
|b Annual Conference
|n (16th :
|d 1994 :
|c Baltimore, Maryland)
|
| 245 |
1 |
0 |
|a Proceedings of the Annual International Conference of the IEEE Engineering in Medicine and Biology Society :
|b Baltimore, Maryland, USA, November 3-6, 1994 /
|c edited by Norman F. Sheppard, Jr., Murray Eden, Gideon Kantor.
|
| 264 |
|
1 |
|a New York :
|b IEEE ;
|a Piscataway, NJ :
|b Additional copies are available from IEEE Service Center,
|c [1994]
|
| 264 |
|
4 |
|c ©1994
|
| 300 |
|
|
|a 2 volumes (xxxii, 1421 pages) :
|b illustrations ;
|c 28 cm.
|
| 336 |
|
|
|a text
|b txt
|2 rdacontent
|
| 337 |
|
|
|a unmediated
|b n
|2 rdamedia
|
| 338 |
|
|
|a volume
|b nc
|2 rdacarrier
|
| 500 |
|
|
|a "16th annual... conference"--Cover.
|
| 504 |
|
|
|a Includes bibliographical references and indexes.
|
| 505 |
0 |
|
|a pt. 1. Cardiovascular system, neurological and sensory systems, neuromuscular systems and rehabilitation engineering, imaging and image analysis -- pt. 2. Electromagnetic phenomena, instrumentation and measurement, modeling, signal analysis and wavelets, medical informatics, education and ethics.
|
| 500 |
|
|
|a "IEEE catalog number 94CH3474-4"--Title page verso.
|
| 650 |
|
0 |
|a Biomedical engineering
|v Congresses.
|
| 700 |
1 |
|
|a Sheppard, Norman F., Jr.
|
| 700 |
1 |
|
|a Eden, Murray,
|d 1920-
|
| 700 |
1 |
|
|a Kantor, Gideon.
|
| 740 |
0 |
|
|a Engineering advances
|p new opportunities for biomedical engineers.
|
| 999 |
|
|
|a MARS
|
| 999 |
f |
f |
|s ef12c24a-f174-3dbc-9bd2-2ae2c804cb0c
|i 20ffecbf-c9e5-3356-af12-0e1c4bcc37d9
|t 0
|
| 952 |
f |
f |
|p ric
|a Texas A&M University
|b Rellis Campus
|c Joint Library Facility
|d Remote Storage
|t 0
|e R856.A2 I344 1994
|h Library of Congress classification
|i unmediated -- volume
|k v.1
|m A14819062749
|
| 952 |
f |
f |
|p ric
|a Texas A&M University
|b Rellis Campus
|c Joint Library Facility
|d Remote Storage
|t 0
|e R856.A2 I344 1994
|h Library of Congress classification
|i unmediated -- volume
|k v.2
|m A14819062799
|
| 998 |
f |
f |
|a R856.A2 I344 1994
|s v.1-v.2
|t 0
|l Remote Storage
|